| 000 | 00579nam a2200193 a 4500 | ||
|---|---|---|---|
| 005 | 20240611063654.0 | ||
| 008 | 991125s1995 mx 000 0 spa u | ||
| 020 | _a8449300959 | ||
| 035 | _aUPN01000004451 | ||
| 049 | _aCG | ||
| 050 | 4 |
_aQA139 _bM3.7 |
|
| 100 | 1 | _aMaza, Carlos | |
| 245 | 1 | 0 |
_aAritmética y representación : _bde la comprensión del texto al uso de materiales / _cCarlos Maza. |
| 260 |
_aMéxico : _bPaidós, _c1995. |
||
| 300 | _a205 p. | ||
| 440 | 0 |
_aPapeles de pedagogía ; _v19 |
|
| 650 | 4 |
_aAritmética _vProblemas, ejercicios, etc. _97854 |
|
| 905 | _aLibro | ||
| 999 |
_c4451 _d4451 |
||